000
00396nam a22001697a 4500
003
MPLRDC
005
20220104125424.0
008
210129b ||||| |||| 00| 0 eng d
082
_a
857.623 XYH-2
100
_a
萧玉寒
245
_a
凶格
_c
260
_a
_b
天虹出版社
_c
300
_b
平
490
_a
香港风水鬼故事
650
_a
灵异小说
942
_c
BK
_o
857.623 XYH-2
999
_c
27237
_d
27227